|
|
|
|
| LEADER |
01101pam a22003258a 4500 |
| 001 |
00028866 |
| 005 |
20171026081023.0 |
| 008 |
120417s1989 |||||| sd |
| 020 |
# |
# |
|a 9000đ
|
| 082 |
1 |
4 |
|a 428
|b T123TR
|
| 100 |
1 |
# |
|a Golitsinsky, Yu .B.
|
| 245 |
1 |
0 |
|a Tập truyện song ngữ Anh Việt
|c Yu. B. Golitsinsky; Phan Khải, Phạm Ngọc Minh (dịch)
|
| 246 |
0 |
1 |
|a Readings from english and american literature
|
| 260 |
# |
# |
|a TP. Hồ Chí Minh
|b Nxb Tổng hợp Sông Bé
|c 1989
|
| 300 |
# |
# |
|a 105 tr.
|c 19 cm.
|
| 546 |
# |
# |
|a song ngữ Anh- Việt
|
| 653 |
# |
# |
|a Tiếng Anh
|
| 653 |
# |
# |
|a dịch thuật
|
| 653 |
# |
# |
|a song ngữ
|
| 700 |
1 |
# |
|a Huỳnh, Ngọc Minh
|e dịch
|
| 700 |
1 |
# |
|a Phan, Khải
|e dịch
|
| 852 |
# |
# |
|b Kho giáo trình
|j KGT.0034290, KGT.0037804
|
| 852 |
# |
# |
|b Kho mượn
|j KGT.0037804
|
| 852 |
# |
# |
|j KD.0014541
|b Kho đọc
|
| 852 |
# |
# |
|j KGT.0034290
|j KD.0014541
|j KGT.0037804
|
| 910 |
|
|
|d 17/04/2012
|
| 980 |
# |
# |
|a Trung tâm Học liệu Lê Vũ Hùng, Trường Đại học Đồng Tháp
|